000 01107cam a2200313 i 4500
003 DO-SdBNP
005 20260630143306.0
007 ta
008 260630b1988 pr ac||| |||| 00| 0 spa d
020 _a0940238861
040 _aDO-SdBNP
_cspa
_dBNPHU
_erda
_bspa
041 _aspa
082 4 _a972.95
_bP598h 1988
_222
100 1 _aPicó, Fernándo.
_eautor
_4aut.
_916158
245 1 0 _aHistoria general de Puerto Rico /
_cFernándo Picó ; revisión, Carmen Rivera Izcoa
250 _acuarta edición revisada y aumentada
264 4 _aRío Piedras, Puerto Rico :
_bEdiciones Huracán,
_c©1988.
300 _a300 páginas :
_bilustraciones, retratos ;
_c23 cm.
336 _atexto
_btxt
_2rdacontent
337 _asin mediación
_bn
_2rdamedia
338 _avolumen
_bnc
_2rdacarrier
490 0 _aColección Huracán Academia
500 _aIncluye referencias bibliográficas y notas al pie de las páginas
504 _aBibliografía: páginas 293-300
590 _aInventariado, 2026/BT
700 1 _aRivera _Izcoa, Carmen,
_erevisión
_4rev.
_972955
910 _aBtavárez
942 _2ddc
_cLBS1
999 _c60976
_d60976